Paroles - Générique de Capitain Flam - Statistiques

Statistiques générales
  • Ce quiz a été pris 105 fois
  • Le résultat moyen est 114 sur 156
Statistiques - réponses
Paroles % Correct
Capitain
100%
Flam
100%
De
98%
de
98%
galaxie
98%
ne
98%
notre
98%
pas
98%
tu
98%
Tu
98%
n'es
96%
a
94%
Capitaine
94%
Mais
94%
la
91%
du
84%
les
83%
Les
83%
fond
81%
nuit
79%
Pour
75%
sauver
75%
lactée
69%
voie
69%
tous
68%
loin
65%
as
64%
hommes
64%
te
64%
que
63%
traversé
63%
ton
62%
Ton
62%
aussi
60%
Et
59%
et
59%
l'infini
59%
gens
58%
Mégara
58%
Il
57%
millions
57%
Ta
57%
d'années
56%
jusqu'ici
56%
Cent
53%
dans
53%
descends
53%
bras
52%
y
52%
mille
51%
amie
49%
Qui
48%
qui
48%
D'aussi
47%
douce
47%
vois
46%
Un
43%
Johan
41%
quittent
40%
Mala
35%
petit
35%
toi
33%
c'est
32%
jour
30%
ceux
28%
copain
28%
oui
28%
Fregolo
27%
Ken
26%
sauveras
25%
Cyberlab
20%
Cosmolem
15%
Aucun quiz correspondant
Distribution des résultats
% des personnes avec chaque résultat
Percentile par nombre de réponses
Votre historique - résultats
Vous n’avez pas pris ce quiz